| 000 | 01026cam a2200301I 4500 | ||
|---|---|---|---|
| 001 | 4605028 | ||
| 003 | ARRUPE | ||
| 005 | 20140402124033.0 | ||
| 008 | 820223s1921 enkbcf 000 0aeng | ||
| 010 | _a22009409 | ||
| 035 | _a(OCoLC)ocm08185792 | ||
| 035 | _a(NNC)4605028 | ||
| 040 |
_aDLC _cDAY |
||
| 050 | 0 |
_aSPC DT776.M7 _bA5 |
|
| 098 | _aMX13 | ||
| 100 | 1 |
_aMoffat, John Smith, _d1835-1918. _99678 |
|
| 245 | 1 | 0 |
_aJohn Smith Moffat, C.M.G., missionary, _ba memoir; _cby his son Robert U. Moffat. |
| 260 |
_aLondon, _bJ. Murray, _c1921. |
||
| 300 |
_a[4], [ix]-xix, 388 p. _bmap, plates, ports. _c23 cm. |
||
| 500 | _aCompiled largely from the written reminiscences and letters of John Smith Moffat. | ||
| 600 | 1 | 0 |
_aMoffat, John Smith, _d1835-1918. _99679 |
| 650 | 0 |
_aMissions _zSouth Africa. _99680 |
|
| 651 | 0 |
_aSouth Africa _xDescription and travel. _99681 |
|
| 651 | 0 |
_aSouth Africa _xHistory. _99682 |
|
| 700 | 1 |
_aMoffat, Robert Unwin, _d1866-1947, _eeditor. _99683 |
|
| 942 |
_2lcc _cMONOGRAPH |
||
| 999 |
_c120349 _d120349 |
||